| 000 | 00439nam a2200169Ia 4500 | ||
|---|---|---|---|
| 008 | 131103s9999 xx 000 0 und d | ||
| 020 | _cRs.3.00 | ||
| 040 | _aLoreto College | ||
| 041 | _aEnglish | ||
| 082 |
_aCHBK-I/TAL _bLCBED/5720 |
||
| 245 |
_aTales from indian classics _b book-II |
||
| 260 |
_aNew Delhi _bChildren's book trust _c1968 |
||
| 300 |
_a70p _c 22cm. |
||
| 650 | _aCHBK-I | ||
| 850 | _aLCBED/CHBK-I/TAL | ||
| 942 | _cBK | ||
| 999 |
_c31639 _d82118 |
||